Advanced engineering mathematics (Record no. 2354)

000 -LEADER
fixed length control field 00457nam a22001937a 4500
001 - CONTROL NUMBER
control field 2354
003 - CONTROL NUMBER IDENTIFIER
control field BD-DhUET
008 - FIXED-LENGTH DATA ELEMENTS--GENERAL INFORMATION
fixed length control field 140922b xxu||||| |||| 00| 0 eng d
020 ## - INTERNATIONAL STANDARD BOOK NUMBER
International Standard Book Number 8121903459
040 ## - CATALOGING SOURCE
Transcribing agency 0
Modifying agency BD-DhUET
082 ## - DEWEY DECIMAL CLASSIFICATION NUMBER
Classification number 510
Item number DAS/2007
100 ## - MAIN ENTRY--PERSONAL NAME
Personal name Dass, H.K.
245 ## - TITLE STATEMENT
Title Advanced engineering mathematics
250 ## - EDITION STATEMENT
Edition statement 17th Rev. ed.
260 ## - PUBLICATION, DISTRIBUTION, ETC. (IMPRINT)
Place of publication, distribution, etc. Ram Nagar
Name of publisher, distributor, etc. S. Chand.
Date of publication, distribution, etc. 2007
300 ## - PHYSICAL DESCRIPTION
Extent xvi,1274p.
650 #0 - SUBJECT ADDED ENTRY--TOPICAL TERM
Topical term or geographic name as entry element Mathematics
942 ## - ADDED ENTRY ELEMENTS (KOHA)
Koha item type General Book
Holdings
Koha date last seen Koha out on loan Date acquired Koha full call number Koha date last borrowed Damaged status Koha normalized classification for sorting Source of classification or shelving scheme Koha item type Location (home branch) Price effective from Copy number Piece designation (barcode) Koha issues (times borrowed) Sublocation or collection (holding branch) Lost status Not for loan Shelving location Withdrawn status
2023-05-06 2014-09-22510/DAS/20072022-11-23 510DAS2007 General BookCentral Library, BUET2014-09-2211039243Central Library, BUET  Circulation section 
2026-01-132026-01-272014-09-22510/DAS/20072026-01-13 510DAS2007 General BookCentral Library, BUET2014-09-2221039256Central Library, BUET  Circulation section 
2025-02-10 2014-09-22510/DAS/20072024-12-01 510DAS2007 General BookCentral Library, BUET2014-09-2231039274Central Library, BUET  Circulation section 
2023-06-05 2014-09-22510/DAS/20072023-03-22 510DAS2007 General BookCentral Library, BUET2014-09-2241039283Central Library, BUET  Circulation section 
2016-02-24 2014-09-22510/DAS/20072014-11-12 510DAS2007 General BookCentral Library, BUET2014-09-2251039291Central Library, BUET  Circulation section 
2023-02-28 2014-09-22510/DAS/20072023-01-11 510DAS2007 General BookCentral Library, BUET2014-09-2271039312Central Library, BUET  Circulation section 
2026-04-152026-04-292014-09-22510/DAS/20072026-04-15 510DAS2007 General BookCentral Library, BUET2014-09-2261039303Central Library, BUET  Circulation section 
2019-03-31 2015-01-26510/DAS/20072019-01-20 510_000000000000000_DAS_2007 General BookCentral Library, BUET2015-01-2681039222Central Library, BUET  Circulation section 
2025-04-07 2015-09-01510DAS/20072025-03-02 510DAS_2007_000000000000000 General BookCentral Library, BUET2015-09-0191039232Central Library, BUET  Circulation section 
2024-11-242024-12-082007-05-28510/DAS/20072024-11-24 510_000000000000000_DAS_2007 General BookCentral Library, BUET2017-05-291010392611Central Library, BUET  Circulation section